000 00600cab a2200205 4500
001 ABS39027
008 090401t1988 xxu||||| |||| 00| 0 eng d
035 _a(Sirsi) u13880
041 _aeng
100 _aSwan, R.
245 _aMausell unravels promise of plastics
260 _c1988
350 _a0
490 _aContract Journal
_v21 April 1988, 34-37(3)
520 _aLooks at the use of fibre reinforced plastics in structural projects especially bridge construction.
650 _aDARTFORD BRIDGE
690 _aBUILT ENVIRONMENT-BUILDING MATERIALS
942 _n0
948 _c04/03/1997
999 _c8964
_d8964